Panorama de los estados unidos /
Guardado en:
| Autor Principal: | |
|---|---|
| Otros Autores: | |
| Formato: | Libro |
| Publicado: |
Buenos Aires :
Torres Aguero,
1985
|
| Series: | Memoria del Tiempo
|
| Materias: | |
| Etiquetas: |
Agregar Etiqueta
Sin Etiquetas, Sea el primero en etiquetar este registro!
|
| LEADER | 00726nam a22002295a 4500 | ||
|---|---|---|---|
| 001 | CEM.cems004194 | ||
| 005 | 20101109111553.0 | ||
| 008 | 130507s1985##################000#0#####d | ||
| 003 | CEMS | ||
| 020 | |a 9505490720 | ||
| 082 | 0 | 4 | |a A864.4 |
| 100 | 1 | |a Martínez Estrada, Ezequiel | |
| 245 | 1 | 0 | |a Panorama de los estados unidos / |c Ezequiel Martínez Estrada ; introducción, Notas y Bibliografía Por Joaquín Roy |
| 260 | |a Buenos Aires : |b Torres Aguero, |c 1985 | ||
| 300 | |a 263 p. | ||
| 490 | 0 | |a Memoria del Tiempo | |
| 653 | |a Literatura | ||
| 653 | |a Literatura argentina | ||
| 653 | |a Ensayo | ||
| 653 | |a Ensayo argentino | ||
| 700 | 1 | |a Roy, Joaquín, pról. | |
| 859 | |a CEMS |b BIB. CEMS - 11 de abril |h A864.4 |i M366-2 |p 14305.86 |t Ej.1 | ||
